000
00413nam a22001577a 4500
005
20251108164947.0
008
250721s9999 xx 000 0 ara d
082
1
4
_a
320.54/فقي
100
1
_a
فقيه، شادي
245
1
0
_a
كيف يسيطر اليهود على العالم /
264
_b
دار القلم،
300
_a
199ص.
650
1
7
_a
الصهيونية
942
_2
ddc
_c
BK
999
_c
18471
_d
18471